[Event "British Rapidplay"]
[Site "Peterborough"]
[Date "2025.03.02"]
[Round "8.15"]
[White "Tanmay, Chopra"]
[Black "Bin-Suhayl, Ieysaa"]
[Result "1-0"]
[WhiteElo "2357"]
[BlackElo "2219"]
[PlyCount "115"]
[EventDate "2025.03.01"]
[EventType "swiss (rapid)"]
[EventRounds "11"]
[EventCountry "ENG"]
[SourceTitle "BritBase"]
[Source "John Saunders"]
[SourceDate "2025.03.03"]
[SourceVersion "1"]
[SourceVersionDate "2025.03.03"]
[SourceQuality "2"]

1. d4 Nf6 2. c4 e6 3. Nc3 Bb4 4. e3 O-O 5. Bd3 d5 6. a3 Bxc3+ 7. bxc3 dxc4 8. Bxc4 c5 9. Ne2 Nc6 10. O-O e5 11. Bb2 Na5 12. Ba2 Qc7 13. d5 c4 14. Ng3 Rd8 15. e4 h5 16. Qe2 h4 17. Nh5 Nh7 18. f4 g6 19. fxe5 Qxe5 20. Nf4 b5 21. a4 Bd7 22. axb5 Bxb5 23. Qf2 Nb7 24. Nxg6 fxg6 25. Qf7+ Kh8 26. Qxb7 Rdb8 27. Qf7 Be8 28. Qf2 Qxe4 29. Rae1 Qxd5 30. Rd1 Qe5 31. Bxc4 Bc6 32. Rde1 Qg7 33. Ba3 h3 34. Re7 hxg2 35. Rfe1 Rf8 36. Rxg7 Rxf2 37. Rxh7+ Kxh7 38. Kxf2 a5 39. Re7+ Kh8 40. Bc5 Rf8+ 41. Kg3 Rd8 42. Re6 Bd5 43. Bd4+ Kg8 44. Bxd5 Rxd5 45. Kxg2 Kh7 46. Ra6 Rb5 47. Kg3 Kh6 48. Kg4 Rb2 49. Be3+ Kh7 50. Ra7+ Kg8 51. Bf4 Rg2+ 52. Bg3 Rc2 53. Be5 Rg2+ 54. Kf3 Ra2 55. Ke4 a4 56. Kd5 a3 57. Ke6 Rf2 58. Rxa3 1-0

[Event "British Rapidplay"]
[Site "Peterborough"]
[Date "2025.03.02"]
[Round "8.16"]
[White "Sivanandan, Bodhana"]
[Black "Southcott-Moyers, Indy"]
[Result "1/2-1/2"]
[WhiteElo "2073"]
[BlackElo "2227"]
[PlyCount "135"]
[EventDate "2025.03.01"]
[EventType "swiss (rapid)"]
[EventRounds "11"]
[EventCountry "ENG"]
[SourceTitle "BritBase"]
[Source "John Saunders"]
[SourceDate "2025.03.03"]
[SourceVersion "1"]
[SourceVersionDate "2025.03.03"]
[SourceQuality "2"]

1. e4 c6 2. Nc3 d5 3. Nf3 dxe4 4. Nxe4 Nf6 5. Qe2 Nxe4 6. Qxe4 Nd7 7. Bc4 Nf6 8. Ne5 e6 9. Qe2 b5 10. Bb3 Qc7 11. O-O Bd6 12. d4 O-O 13. Bf4 Bb7 14. Bg3 a5 15. c3 Ba6 16. Rfe1 Rfe8 17. Rad1 Rad8 18. Bc2 c5 19. dxc5 Qxc5 20. Nd3 Qc7 21. Qe3 Bb7 22. Bxd6 Rxd6 23. Qc5 Qxc5 24. Nxc5 Rxd1 25. Rxd1 Bd5 26. Bb3 Rc8 27. Bxd5 Nxd5 28. Nb3 g6 29. g3 b4 30. cxb4 axb4 31. Kg2 Ra8 32. Ra1 Nb6 33. a3 Nc4 34. axb4 Rb8 35. Na5 Rxb4 36. Nxc4 Rxc4 37. b3 Rb4 38. Rb1 Kf8 39. Kf3 Ke7 40. Ke3 Kd6 41. Kd3 Kc5 42. Kc3 Re4 43. Rb2 h5 44. Ra2 Kb6 45. h4 f6 46. Rd2 Kc6 47. Kb2 g5 48. hxg5 fxg5 49. Ka3 h4 50. gxh4 gxh4 51. Rd8 Rf4 52. Rh8 Rxf2 53. Rxh4 e5 54. Rc4+ Kd5 55. Rc8 e4 56. b4 Rf7 57. b5 Re7 58. Kb4 e3 59. Rd8+ Ke4 60. Rd1 e2 61. Re1 Kd3 62. b6 Kd2 63. Rxe2+ Kxe2 64. Kc5 Kd3 65. Kd6 Rh7 66. Kc6 Kc4 67. b7 Rxb7 68. Kxb7 1/2-1/2

[Event "British Rapidplay"]
[Site "Peterborough"]
[Date "2025.03.02"]
[Round "8.17"]
[White "Shearsby, Jude"]
[Black "Fava, Lorenzo"]
[Result "1-0"]
[WhiteElo "2152"]
[BlackElo "2306"]
[PlyCount "113"]
[EventDate "2025.03.01"]
[EventType "swiss (rapid)"]
[EventRounds "11"]
[EventCountry "ENG"]
[SourceTitle "BritBase"]
[Source "John Saunders"]
[SourceDate "2025.03.03"]
[SourceVersion "1"]
[SourceVersionDate "2025.03.03"]
[SourceQuality "2"]

1. e4 a6 2. d4 h6 3. c4 d6 4. Nc3 g6 5. h4 Bg7 6. h5 g5 7. f4 gxf4 8. Bxf4 Nc6 9. d5 Nd4 10. Nf3 Bg4 11. Qd3 e5 12. Nxd4 exd4 13. Ne2 Nf6 14. Ng3 Nd7 15. Be2 Nc5 16. Qd2 Bxe2 17. Qxe2 d3 18. Qd2 Qf6 19. e5 dxe5 20. Be3 Nd7 21. Qxd3 O-O-O 22. O-O-O e4 23. Qc2 Qe5 24. Rh3 f5 25. Kb1 Rhf8 26. Ne2 f4 27. Bd4 Qg5 28. Qxe4 Rde8 29. Qg6 Qxg6+ 30. hxg6 Rxe2 31. Bxg7 Rg8 32. Bxh6 Rxg6 33. Bxf4 Rexg2 34. Rh8+ Rg8 35. Rxg8+ Rxg8 36. Kc2 Nc5 37. b4 Na4 38. Re1 Kd7 39. Re6 Rg7 40. Rh6 Rf7 41. Be5 Re7 42. Rh5 Rf7 43. c5 c6 44. d6 b6 45. Kb3 b5 46. Rg5 a5 47. Rg7 Rxg7 48. Bxg7 Ke6 49. a3 Kd7 50. Bd4 axb4 51. axb4 Ke6 52. Kc2 Kd7 53. Kd3 Ke6 54. Ke4 Kd7 55. Kf5 Kd8 56. Ke6 Nb2 57. Bf6+ 1-0

[Event "British Rapidplay"]
[Site "Peterborough"]
[Date "2025.03.02"]
[Round "8.18"]
[White "Banerjee, Supratit"]
[Black "Lalic, Susan Kathryn"]
[Result "0-1"]
[WhiteElo "2250"]
[BlackElo "2227"]
[PlyCount "174"]
[EventDate "2025.03.01"]
[EventType "swiss (rapid)"]
[EventRounds "11"]
[EventCountry "ENG"]
[SourceTitle "BritBase"]
[Source "John Saunders"]
[SourceDate "2025.03.03"]
[SourceVersion "1"]
[SourceVersionDate "2025.03.03"]
[SourceQuality "2"]

1. e4 e6 2. d4 d5 3. e5 c5 4. c3 Nc6 5. Nf3 Qb6 6. Bd3 Bd7 7. O-O cxd4 8. Re1 Rc8 9. Nbd2 dxc3 10. bxc3 Na5 11. Rb1 Qc7 12. c4 dxc4 13. Bc2 Ne7 14. Ne4 Nd5 15. Nd6+ Bxd6 16. exd6 Qxd6 17. Ng5 h6 18. Qh5 O-O 19. Bh7+ Kh8 20. Ne4 Nf4 21. Qxa5 Qd5 22. Qc3 Nd3 23. Nf6 gxf6 24. Bxd3 Qxd3 25. Qxf6+ Kg8 26. Rf1 Qg6 27. Qxg6+ fxg6 28. Rxb7 Bc6 29. Rxa7 Rf7 30. Ra3 Kh7 31. Re1 Bd5 32. Rc3 Ra8 33. a3 Rb8 34. h4 Rb3 35. Rc2 Rc7 36. Bf4 Rcb7 37. a4 Rb1 38. Rcc1 Rxc1 39. Rxc1 Rb4 40. a5 Ra4 41. Bd2 Ra2 42. Bc3 Be4 43. Re1 Bd5 44. Rb1 Ra3 45. Be5 Rxa5 46. Rb8 Ra8 47. Rb6 Kg8 48. Rd6 Kf7 49. Rd7+ Ke8 50. Rh7 h5 51. Rg7 Be4 52. f3 Bd5 53. Rxg6 Ra3 54. Rg7 Ra5 55. Bf6 Kf8 56. Rc7 Ra2 57. Kf1 Rc2 58. Kg1 Ra2 59. Rh7 Ra3 60. Kh2 Re3 61. Kg3 Re2 62. Rxh5 Kf7 63. Be5 Kg6 64. Rg5+ Kh6 65. Kf4 Re1 66. Rg8 Kh7 67. Rc8 Rh1 68. g4 Kg6 69. h5+ Kf7 70. Rc7+ Kg8 71. Kg3 Rg1+ 72. Kf2 Rh1 73. f4 Rh3 74. Ke1 Bf3 75. Rg7+ Kf8 76. Rg6 Bd5 77. Kd2 Rd3+ 78. Kc1 c3 79. Kc2 Rg3 80. Rf6+ Ke7 81. f5 Be4+ 82. Kd1 c2+ 83. Ke2 Rg2+ 84. Ke3 c1=Q+ 85. Kxe4 Re2+ 86. Kd4 Rd2+ 87. Ke4 Qc4+ 0-1

[Event "British Rapidplay"]
[Site "Peterborough"]
[Date "2025.03.02"]
[Round "8.19"]
[White "Yoon, Jacob D"]
[Black "Badacsonyi, Stanley"]
[Result "0-1"]
[WhiteElo "2251"]
[BlackElo "2334"]
[PlyCount "128"]
[EventDate "2025.03.01"]
[EventType "swiss (rapid)"]
[EventRounds "11"]
[EventCountry "ENG"]
[SourceTitle "BritBase"]
[Source "John Saunders"]
[SourceDate "2025.03.03"]
[SourceVersion "1"]
[SourceVersionDate "2025.03.03"]
[SourceQuality "2"]

1. d4 Nf6 2. c4 g6 3. Nc3 Bg7 4. e4 d6 5. Be2 O-O 6. Be3 Nc6 7. Nf3 Ng4 8. Bg5 h6 9. Bc1 e5 10. d5 Nd4 11. Nxd4 exd4 12. Nb5 Nf6 13. Qxd4 Re8 14. O-O Nxe4 15. Qd1 a6 16. Nd4 Qf6 17. Be3 Bd7 18. Qc2 Nc5 19. Rad1 Qh4 20. Bf3 Bg4 21. b4 Bxf3 22. Nxf3 Qe4 23. Qc1 Nd3 24. Qd2 Nb2 25. Bxh6 Nxd1 26. Bxg7 Kxg7 27. Rxd1 Qxc4 28. Rc1 Qe2 29. Qd4+ Kg8 30. h3 Re4 31. Qf6 Rc4 32. Re1 Qd3 33. Qg5 Qf5 34. Qh6 Qf6 35. a3 Qf4 36. Ng5 Qh4 37. Qxh4 Rxh4 38. Re7 Rf4 39. Rxc7 Rf5 40. Ne4 Rd8 41. Rxb7 Kg7 42. Ra7 Rxd5 43. Rxa6 Rd7 44. Kh2 Re5 45. Rxd6 Ra7 46. Nc3 Rxa3 47. Rc6 Rb3 48. b5 Re1 49. Rc5 f5 50. Nd5 Re2 51. Rc7+ Kh6 52. b6 Rxf2 53. b7 Rfb2 54. Nf4 Rxb7 55. Rxb7 Rxb7 56. h4 Rb4 57. g3 Ra4 58. Kh3 Kg7 59. Kg2 Kf6 60. Nh3 Ra2+ 61. Kf3 Ra3+ 62. Kf2 Ke5 63. Nf4 Ke4 64. Nxg6 Ra2+ 0-1

[Event "British Rapidplay"]
[Site "Peterborough"]
[Date "2025.03.02"]
[Round "8.20"]
[White "Boswell, Jacob Connor"]
[Black "Davison, Chris"]
[Result "1-0"]
[WhiteElo "2245"]
[BlackElo "1997"]
[PlyCount "101"]
[EventDate "2025.03.01"]
[EventType "swiss (rapid)"]
[EventRounds "11"]
[EventCountry "ENG"]
[SourceTitle "BritBase"]
[Source "John Saunders"]
[SourceDate "2025.03.03"]
[SourceVersion "1"]
[SourceVersionDate "2025.03.03"]
[SourceQuality "2"]

1. d4 Nf6 2. c4 e6 3. Nf3 d5 4. Nc3 dxc4 5. e4 b5 6. e5 Nd5 7. Nxb5 Nb6 8. Be2 Nc6 9. O-O Bb7 10. Qd2 a6 11. Nc3 Be7 12. Qf4 O-O 13. Qg4 Kh8 14. Rd1 Nb4 15. h4 N4d5 16. Ne4 f5 17. exf6 Nxf6 18. Nxf6 Bxf6 19. Be3 Qd5 20. Nd2 Qf5 21. Qg3 e5 22. Nxc4 Nxc4 23. Bxc4 exd4 24. Bxd4 Rad8 25. Bxf6 Qxf6 26. b3 Rd6 27. a4 a5 28. Rab1 Qf5 29. Bd3 Qc5 30. Rbc1 Qb6 31. Bc2 Rdf6 32. Rd2 Qc6 33. Re1 R6f7 34. Rde2 Qf6 35. Rd2 g6 36. Be4 Re7 37. Rde2 Rfe8 38. Bd3 Rxe2 39. Rxe2 Rxe2 40. Bxe2 Qe7 41. Bc4 Kg7 42. Qc3+ Kh6 43. Qd2+ Kg7 44. Qxa5 Qe4 45. Qc3+ Kh6 46. Qe3+ Qxe3 47. fxe3 Kg7 48. a5 Kf6 49. a6 Ba8 50. Be2 Ke5 51. Bf3 1-0

[Event "British Rapidplay"]
[Site "Peterborough"]
[Date "2025.03.02"]
[Round "8.21"]
[White "Larchikov, Maksym"]
[Black "Ansari, Athar"]
[Result "1/2-1/2"]
[WhiteElo "2050"]
[BlackElo "1954"]
[PlyCount "87"]
[EventDate "2025.03.01"]
[EventType "swiss (rapid)"]
[EventRounds "11"]
[EventCountry "ENG"]
[SourceTitle "BritBase"]
[Source "John Saunders"]
[SourceDate "2025.03.03"]
[SourceVersion "1"]
[SourceVersionDate "2025.03.03"]
[SourceQuality "2"]

1. d4 g6 2. c4 Bg7 3. e4 d6 4. Be2 Nd7 5. Nf3 e6 6. O-O Ne7 7. Nc3 O-O 8. Bg5 h6 9. Bd2 a6 10. Bd3 f5 11. exf5 exf5 12. Re1 Nf6 13. Qc2 Bd7 14. d5 Ng4 15. Bf1 Ne5 16. Nxe5 dxe5 17. c5 f4 18. Qb3 Nf5 19. Qxb7 Rb8 20. Qxa6 Rxb2 21. Ne4 Qa8 22. Bc3 Qxa6 23. Bxa6 Rbb8 24. Bc4 Bb5 25. Bb3 Kh7 26. Red1 Nd4 27. Bxd4 exd4 28. f3 Be2 29. Rd2 d3 30. Re1 Bd4+ 31. Kh1 Be3 32. Rb2 Rb5 33. d6 Bxc5 34. dxc7 Ba3 35. Bg8+ Rxg8 36. Nf6+ Kg7 37. Nxg8 Rc5 38. Rb7 Kxg8 39. Rb8+ Kf7 40. c8=Q Rxc8 41. Rxc8 d2 42. Rb1 d1=Q+ 43. Rxd1 Bxd1 44. Rc3 1/2-1/2

[Event "British Rapidplay"]
[Site "Peterborough"]
[Date "2025.03.02"]
[Round "8.22"]
[White "Pilley, Jack"]
[Black "Vaidyanathan, Adithya"]
[Result "0-1"]
[WhiteElo "1975"]
[BlackElo "2037"]
[PlyCount "102"]
[EventDate "2025.03.01"]
[EventType "swiss (rapid)"]
[EventRounds "11"]
[EventCountry "ENG"]
[SourceTitle "BritBase"]
[Source "John Saunders"]
[SourceDate "2025.03.03"]
[SourceVersion "1"]
[SourceVersionDate "2025.03.03"]
[SourceQuality "2"]

1. e4 c5 2. Nf3 Nc6 3. Bb5 g6 4. O-O Bg7 5. c3 Nf6 6. Re1 O-O 7. d4 d5 8. e5 Ne4 9. Bxc6 bxc6 10. Be3 Qb6 11. Qc1 c4 12. Nbd2 Nxd2 13. Nxd2 Bf5 14. b3 Bd3 15. Qa3 e6 16. h4 Rfd8 17. Bg5 Rd7 18. Be7 Bh6 19. Nf3 cxb3 20. Bc5 Qb5 21. axb3 a5 22. Ra2 Rb7 23. b4 a4 24. Nh2 Bf5 25. g4 Be4 26. g5 Bg7 27. Re3 Bf5 28. Nf1 Bf8 29. Ng3 Bxc5 30. dxc5 Qc4 31. Ne2 Qxh4 32. Rg3 h6 33. gxh6 Qxh6 34. Nd4 Kg7 35. Kf1 Qh1+ 36. Ke2 Qe4+ 37. Re3 Qg4+ 38. Kd2 Qf4 39. Ke2 Bg4+ 40. f3 Bf5 41. Ra1 Rh8 42. Rf1 Rh2+ 43. Rf2 Rxf2+ 44. Kxf2 Rb8 45. Ke2 Rh8 46. Kd2 Rh2+ 47. Ne2 Bh3 48. Qa1 a3 49. Kd3 Qc4+ 50. Kd2 a2 51. f4 Bg4 0-1

[Event "British Rapidplay"]
[Site "Peterborough"]
[Date "2025.03.02"]
[Round "8.23"]
[White "Manley, Jonathan P"]
[Black "Raju, Sooraj Menothuparam"]
[Result "0-1"]
[WhiteElo "2090"]
[BlackElo "2154"]
[PlyCount "120"]
[EventDate "2025.03.01"]
[EventType "swiss (rapid)"]
[EventRounds "11"]
[EventCountry "ENG"]
[SourceTitle "BritBase"]
[Source "John Saunders"]
[SourceDate "2025.03.03"]
[SourceVersion "1"]
[SourceVersionDate "2025.03.03"]
[SourceQuality "2"]

1. e4 Nf6 2. Nc3 d5 3. e5 Ne4 4. Nce2 f6 5. d3 Ng5 6. Bxg5 fxg5 7. h4 g4 8. d4 c5 9. c3 Nc6 10. f4 gxf3 11. Nxf3 Bg4 12. Qd2 cxd4 13. Nexd4 Qb6 14. Bb5 a6 15. Ba4 O-O-O 16. O-O-O g6 17. Rde1 Bg7 18. Kb1 Na5 19. Ka1 Nc4 20. Qc2 Kb8 21. Bb3 Rc8 22. Bxc4 Rxc4 23. Nd2 Rxd4 24. cxd4 Qxd4 25. Nb3 Qb6 26. Qd3 e6 27. Qd4 Qxd4 28. Nxd4 Rc8 29. b3 Bf8 30. Rhf1 Bb4 31. Rd1 Bxd1 32. Rxd1 Bc3+ 33. Kb1 Bxd4 34. Rxd4 Rf8 35. g4 Rf1+ 36. Kb2 Re1 37. Rf4 Rxe5 38. Rf8+ Ka7 39. Rf7 Re4 40. h5 Rxg4 41. h6 Rg2+ 42. Ka3 Rh2 43. Rxh7 g5 44. Rh8 g4 45. h7 g3 46. Rg8 Rxh7 47. Rxg3 Kb6 48. Kb4 Rh4+ 49. Kc3 Kc5 50. a3 a5 51. Rf3 e5 52. Rg3 b5 53. Rf3 b4+ 54. axb4+ axb4+ 55. Kc2 Rh2+ 56. Kd1 e4 57. Rg3 Kd4 58. Ke1 e3 59. Rg5 Rb2 60. Rg4+ Kd3 0-1

[Event "British Rapidplay"]
[Site "Peterborough"]
[Date "2025.03.02"]
[Round "8.24"]
[White "Andal, Edmond"]
[Black "Deva, Chetan"]
[Result "1-0"]
[WhiteElo "2011"]
[BlackElo "2181"]
[PlyCount "85"]
[EventDate "2025.03.01"]
[EventType "swiss (rapid)"]
[EventRounds "11"]
[EventCountry "ENG"]
[SourceTitle "BritBase"]
[Source "John Saunders"]
[SourceDate "2025.03.03"]
[SourceVersion "1"]
[SourceVersionDate "2025.03.03"]
[SourceQuality "2"]

1. Nf3 e6 2. d4 f5 3. Nc3 Nf6 4. Bg5 Bb4 5. Qd3 h6 6. Bxf6 Qxf6 7. e4 Bxc3+ 8. bxc3 O-O 9. Be2 b6 10. e5 Qe7 11. Qe3 Bb7 12. O-O Nc6 13. c4 Na5 14. Rab1 Ba6 15. Nd2 d6 16. Rfe1 f4 17. Qa3 Qd7 18. Bf3 Rae8 19. Qc3 dxe5 20. Rxe5 Nc6 21. Bxc6 Qxc6 22. Rbe1 Bb7 23. f3 Qd7 24. Qd3 Rd8 25. c3 c5 26. d5 exd5 27. Re7 Qc6 28. R1e6 Qxe6 29. Rxe6 dxc4 30. Qe2 Bd5 31. Re5 Bf7 32. Nxc4 b5 33. Na5 Rd6 34. Nb3 Bc4 35. Qe1 Kh7 36. h4 Rfd8 37. Qe4+ Kh8 38. Qxf4 Rf6 39. Qe4 Rd1+ 40. Kh2 Bf7 41. h5 c4 42. Nd4 a6 43. Rc5 1-0

[Event "British Rapidplay"]
[Site "Peterborough"]
[Date "2025.03.02"]
[Round "8.25"]
[White "Chopra, Manmay"]
[Black "Hng, Mei-En Emmanuelle"]
[Result "1-0"]
[WhiteElo "2156"]
[BlackElo "2136"]
[PlyCount "129"]
[EventDate "2025.03.01"]
[EventType "swiss (rapid)"]
[EventRounds "11"]
[EventCountry "ENG"]
[SourceTitle "BritBase"]
[Source "John Saunders"]
[SourceDate "2025.03.03"]
[SourceVersion "1"]
[SourceVersionDate "2025.03.03"]
[SourceQuality "2"]

1. Nf3 Nf6 2. g3 d6 3. d4 g6 4. b3 Bg7 5. Bb2 O-O 6. Bg2 c6 7. O-O Qc7 8. c4 Nbd7 9. Nc3 Re8 10. e4 e5 11. Re1 Nf8 12. d5 Bg4 13. h3 Bxf3 14. Bxf3 Rab8 15. Qd3 N8d7 16. b4 a6 17. Rac1 Bf8 18. Red1 Red8 19. a3 Ne8 20. Bg2 Ng7 21. g4 Be7 22. Ne2 h5 23. Rc2 c5 24. bxc5 Nxc5 25. Qe3 Qd7 26. f4 f6 27. g5 Na4 28. gxf6 Bxf6 29. Ba1 b6 30. fxe5 dxe5 31. Qh6 Qe7 32. Qxg6 Rd6 33. Qg3 Re8 34. Rf1 Bh4 35. Qe3 Bg5 36. Qg3 Bh4 37. Qe3 Bg5 38. Qb3 Nc5 39. Qc3 Na4 40. Qe1 Bh4 41. Qd1 Rg6 42. Kh1 Nc5 43. Ng1 Bg3 44. Qf3 Bf4 45. Ne2 Rf8 46. Bc3 Rff6 47. Nxf4 Rxf4 48. Qe2 Rxf1+ 49. Qxf1 h4 50. Qf3 Rg3 51. Qd1 Nd3 52. Be1 Re3 53. Re2 Qc5 54. Rxe3 Qxe3 55. Bxh4 Nf4 56. Qg4 Ne2 57. Bf1 Nc3 58. Bf6 Qxe4+ 59. Qxe4 Nxe4 60. Bxe5 Nd2 61. Bd3 Ne8 62. d6 Kf7 63. Bg6+ Kxg6 64. d7 Kf7 65. d8=Q 1-0

[Event "British Rapidplay"]
[Site "Peterborough"]
[Date "2025.03.02"]
[Round "8.26"]
[White "Patel, Zain"]
[Black "Quilter, Thomas A"]
[Result "1/2-1/2"]
[WhiteElo "2079"]
[BlackElo "2162"]
[PlyCount "98"]
[EventDate "2025.03.01"]
[EventType "swiss (rapid)"]
[EventRounds "11"]
[EventCountry "ENG"]
[SourceTitle "BritBase"]
[Source "John Saunders"]
[SourceDate "2025.03.03"]
[SourceVersion "1"]
[SourceVersionDate "2025.03.03"]
[SourceQuality "2"]

1. Nf3 Nf6 2. d4 d6 3. c4 Nc6 4. Nc3 e5 5. dxe5 Nxe5 6. Nxe5 dxe5 7. Qxd8+ Kxd8 8. Bg5 c6 9. O-O-O+ Kc7 10. f4 Ng4 11. Rd2 f6 12. Bh4 exf4 13. h3 Ne3 14. Rd4 Bd6 15. Bf2 Re8 16. c5 Be5 17. Bxe3 fxe3 18. Rh4 Bf5 19. Ra4 Bg3 20. h4 Red8 21. Ne4 Bxe4 22. Rxe4 Rd5 23. Re7+ Rd7 24. Rxd7+ Kxd7 25. Rh3 Bf2 26. g4 Re8 27. Bg2 a5 28. a3 a4 29. Rf3 Re5 30. g5 Rxc5+ 31. Kb1 f5 32. Bh3 g6 33. Rf4 b5 34. h5 Rc4 35. hxg6 hxg6 36. Rxc4 bxc4 37. Kc2 Bh4 38. Kc3 Bxg5 39. Kxc4 Bf6 40. b3 axb3 41. Kxb3 Ke6 42. Kc4 g5 43. Kd3 g4 44. Bg2 f4 45. Bxc6 Ke5 46. Bd7 g3 47. Bh3 Be7 48. a4 Bb4 49. Bg2 Be1 1/2-1/2

[Event "British Rapidplay"]
[Site "Peterborough"]
[Date "2025.03.02"]
[Round "8.27"]
[White "Cheng, Louis"]
[Black "Mihalik, Agoston"]
[Result "0-1"]
[WhiteElo "2015"]
[BlackElo "2140"]
[PlyCount "204"]
[EventDate "2025.03.01"]
[EventType "swiss (rapid)"]
[EventRounds "11"]
[EventCountry "ENG"]
[SourceTitle "BritBase"]
[Source "John Saunders"]
[SourceDate "2025.03.03"]
[SourceVersion "1"]
[SourceVersionDate "2025.03.03"]
[SourceQuality "2"]

1. e4 c5 2. Nc3 a6 3. Nge2 e6 4. g3 b5 5. Bg2 Bb7 6. d4 b4 7. Nb1 cxd4 8. Nxd4 Nf6 9. Qd3 Bc5 10. O-O d6 11. c4 Nbd7 12. Nb3 Ne5 13. Qe2 Bb6 14. Bf4 Rc8 15. c5 Bxc5 16. Nxc5 Rxc5 17. Rd1 Qc7 18. Qd2 Bxe4 19. Qxd6 Qxd6 20. Rxd6 Nf3+ 21. Bxf3 Bxf3 22. Nd2 Bd5 23. Rxa6 Rc2 24. Rb6 O-O 25. Rxb4 Rfc8 26. f3 h6 27. h4 Rc1+ 28. Rxc1 Rxc1+ 29. Kf2 Bxa2 30. b3 Rc2 31. Rc4 Bxb3 32. Rxc2 Bxc2 33. g4 Nd5 34. Be5 f6 35. Ba1 Kf7 36. Nc4 Bd3 37. Ne3 Nf4 38. Ng2 Ng6 39. Kg3 e5 40. Bb2 Bf1 41. Ne3 Bd3 42. Ng2 Ne7 43. Ne3 Ke6 44. Ba3 Nc6 45. Bf8 Kf7 46. Bc5 Nd4 47. Kf2 Ne6 48. Ba3 Nf4 49. Ng2 Ne6 50. Kg3 Nd4 51. Kf2 Be2 52. Ne1 Bd1 53. Bc5 Ne6 54. Ba3 Kg6 55. Kg3 h5 56. gxh5+ Kxh5 57. Ng2 Nd4 58. Bf8 g6 59. Ne3 Bxf3 60. Bg7 g5 61. Bxf6 gxh4+ 62. Bxh4 e4 63. Bf6 Ne2+ 64. Kf2 Nf4 65. Nf1 Kg6 66. Be5 Nd3+ 67. Ke3 Nxe5 68. Ng3 Ng4+ 69. Kf4 Nf6 70. Nf5 Bd1 71. Nd4 Kf7 72. Nb5 Bc2 73. Nd4 Bb1 74. Ne2 Ke6 75. Nc3 Bd3 76. Nxe4 Bxe4 77. Ke3 Kd5 78. Ke2 Kd4 79. Kd2 Nd5 80. Ke2 Bd3+ 81. Kd2 Ne3 82. Kc1 Nc4 83. Kd1 Ke3 84. Kc1 Be4 85. Kd1 Kd3 86. Kc1 Kc3 87. Kd1 Bd3 88. Kc1 Nd2 89. Kd1 Nf3 90. Kc1 Nd4 91. Kd1 Ne2 92. Ke1 Kd4 93. Kd2 Ke4 94. Kd1 Ke3 95. Ke1 Bc2 96. Kf1 Nf4 97. Kg1 Bd3 98. Kh2 Kf3 99. Kg1 Kg3 100. Kh1 Be2 101. Kg1 Nh3+ 102. Kh1 Bf3# 0-1

[Event "British Rapidplay"]
[Site "Peterborough"]
[Date "2025.03.02"]
[Round "8.28"]
[White "Zhang, Junyi"]
[Black "Keerthi Kumar, Advait"]
[Result "1-0"]
[WhiteElo "2152"]
[BlackElo "1823"]
[PlyCount "105"]
[EventDate "2025.03.01"]
[EventType "swiss (rapid)"]
[EventRounds "11"]
[EventCountry "ENG"]
[SourceTitle "BritBase"]
[Source "John Saunders"]
[SourceDate "2025.03.03"]
[SourceVersion "1"]
[SourceVersionDate "2025.03.03"]
[SourceQuality "2"]

1. e4 c5 2. Nf3 Nf6 3. Nc3 d6 4. g3 g6 5. Bg2 Bg7 6. O-O Nc6 7. d3 O-O 8. h3 a6 9. a4 e6 10. Be3 b6 11. e5 Nd5 12. Nxd5 exd5 13. exd6 Qxd6 14. d4 c4 15. c3 Bf5 16. Re1 Rfe8 17. Nd2 b5 18. Qf3 Be6 19. Bf4 Qd7 20. g4 Rac8 21. axb5 axb5 22. Bg3 Ne7 23. Nf1 b4 24. Ne3 b3 25. Bh4 Rcd8 26. Ra5 Qc8 27. Qd1 f6 28. Bg3 Bf7 29. Rc5 Qa6 30. Rc7 Be6 31. Qe2 Bf7 32. Qd2 Bf8 33. Qe2 Rc8 34. Rxc8 Rxc8 35. Qf3 Rd8 36. Kh2 Kg7 37. Bh4 g5 38. Bg3 Bg6 39. Nf5+ Nxf5 40. gxf5 Bf7 41. h4 h6 42. Qd1 Bd6 43. hxg5 hxg5 44. Kg1 Qa7 45. Qg4 Qc7 46. Qf3 Qc6 47. Re3 Rh8 48. Qe2 Qd7 49. Bxd6 Qxd6 50. Re7 Qh2+ 51. Kf1 Qd6 52. Qe6 Qf4 53. Qxf7+ 1-0

[Event "British Rapidplay"]
[Site "Peterborough"]
[Date "2025.03.02"]
[Round "8.29"]
[White "He, Tom Junde"]
[Black "Murawski, Jan"]
[Result "0-1"]
[WhiteElo "2053"]
[BlackElo "2079"]
[PlyCount "124"]
[EventDate "2025.03.01"]
[EventType "swiss (rapid)"]
[EventRounds "11"]
[EventCountry "ENG"]
[SourceTitle "BritBase"]
[Source "John Saunders"]
[SourceDate "2025.03.03"]
[SourceVersion "1"]
[SourceVersionDate "2025.03.03"]
[SourceQuality "2"]

1. d4 Nf6 2. c4 e6 3. Nf3 d5 4. g3 dxc4 5. Bg2 Bb4+ 6. Bd2 c5 7. Bxb4 cxb4 8. Ne5 O-O 9. a3 Nd5 10. Nxc4 Nc6 11. O-O b5 12. Ne3 bxa3 13. Nxa3 b4 14. Nac4 Nxe3 15. Nxe3 Bb7 16. d5 exd5 17. Bxd5 Qf6 18. Qa4 a5 19. Qb5 Rab8 20. Rfc1 Nd4 21. Qd3 Bxd5 22. Nxd5 Qe5 23. Ne3 Rfd8 24. Qc4 h6 25. Re1 Rdc8 26. Qd3 Rd8 27. Nc4 Qe6 28. Nxa5 b3 29. Qe3 Qf6 30. Qd3 Nc2 31. Qc4 Nxa1 32. Rxa1 Qxb2 33. Rf1 Qc2 34. Qa4 Rdc8 35. Qa1 b2 36. Qa3 b1=Q 37. Rxb1 Rxb1+ 38. Kg2 Qe4+ 39. Kh3 Rb5 40. g4 Qb4 41. Qg3 Qxa5 42. e3 Qc7 43. Qf3 Rb6 44. g5 hxg5 45. Kg2 Rh6 46. h3 Qc6 47. e4 Qf6 48. Qe3 Rc3 49. e5 Rxe3 50. exf6 Rexh3 51. fxg7 Kxg7 52. Kf1 Kg6 53. Ke2 Kf5 54. f3 Kf4 55. Kd3 Rxf3+ 56. Kd4 Rd6+ 57. Kc5 Rd8 58. Kc4 Rf1 59. Kb3 Rc1 60. Ka3 Rb1 61. Ka2 Rb7 62. Ka3 Ra8# 0-1

[Event "British Rapidplay"]
[Site "Peterborough"]
[Date "2025.03.02"]
[Round "8.30"]
[White "Walker, Martin Graham"]
[Black "Sajanani, Vikas"]
[Result "1-0"]
[WhiteElo "2091"]
[BlackElo "1902"]
[PlyCount "145"]
[EventDate "2025.03.01"]
[EventType "swiss (rapid)"]
[EventRounds "11"]
[EventCountry "ENG"]
[SourceTitle "BritBase"]
[Source "John Saunders"]
[SourceDate "2025.03.03"]
[SourceVersion "1"]
[SourceVersionDate "2025.03.03"]
[SourceQuality "2"]

1. e4 c6 2. d4 d5 3. exd5 cxd5 4. c4 Nf6 5. Nc3 Nc6 6. Nf3 Bg4 7. cxd5 Nxd5 8. Be2 e6 9. O-O Be7 10. h3 Bh5 11. Be3 O-O 12. a3 Rc8 13. Rc1 Qd6 14. Ne4 Qb8 15. Nc5 Rfd8 16. Qb3 Rc7 17. Rfe1 Bd6 18. Ne4 Be7 19. Ng3 Bg6 20. Bb5 Nxe3 21. Qxe3 Qc8 22. Bxc6 Rxc6 23. Ne5 Rc2 24. Nxg6 hxg6 25. Ne2 Bf6 26. Qd3 Rxc1 27. Rxc1 Qd7 28. Qb3 b6 29. Rd1 Qc6 30. Rc1 Qe4 31. Qe3 Qb7 32. Qc3 Qa6 33. Qc4 Qa5 34. Rd1 Qd5 35. Qxd5 Rxd5 36. f4 g5 37. fxg5 Bxg5 38. Kf2 e5 39. g4 Bf6 40. Ke3 exd4+ 41. Nxd4 Re5+ 42. Kf3 Rd5 43. Ke4 Re5+ 44. Kd3 Rc5 45. b4 Rc8 46. Ne2 Rd8+ 47. Kc2 Re8 48. Nf4 Bg5 49. Nd5 Re2+ 50. Kb3 Rh2 51. Rd3 b5 52. Nc7 a6 53. Nxa6 Bc1 54. Nc7 Rb2+ 55. Kc3 Ra2 56. Nxb5 Bxa3 57. Kb3 Bxb4 58. Kxa2 Be7 59. Kb3 Kh7 60. Nd4 Bf6 61. Nf3 Kg6 62. Rd6 Kh7 63. g5 Ba1 64. h4 g6 65. Kc4 Kg7 66. Kd5 Bb2 67. Rd7 Ba1 68. Ne5 Bxe5 69. Kxe5 Kg8 70. Kf6 Kh8 71. Rxf7 Kg8 72. Ra7 Kh8 73. Kxg6 1-0